000 00985nam a2200229Ia 4500
999 _c51012
_d51012
001 17969
003 GE_BSU
005 20221130155611.0
008 181216s2005||||ge |||||||||||||| ||geo||
020 _a9994032380x
040 _cGE_BSU
041 _ageo
080 _a159.922.6 გ-59
100 _aგოგიჩაიშვილი, თ.
_916258
245 _aგანვითარების ფსიქოლოგია :
_b(სასკოლო ასაკი) /
_cთამაზ გოგიჩაიშვილი ; რედაქტორი გ. მჭედლიშვილი.
264 _aთბილისი :
_bუნივერსალი,
_c2005.
300 _a466 გვ.;
_b20 სმ.
653 _aასაკობრივი ფსიქოლოგია
653 _aბავშვთა ფსიქოლოგია.
700 _aმჭედლიშვილი, გ.
_eრედაქტორი
_916114
942 _cBK
_2udc